| Tag |
First Indicator |
Second Indicator |
Subfields |
| LEADER |
00000cam a2200000 a 4500 |
| 001 |
in00000012813 |
| 005 |
20151007051916.0 |
| 008 |
860930s1985 wb a bc s00000 ger |
| 010 |
|
|
|a 86126452
|
| 020 |
|
|
|a 3883319414
|
| 035 |
|
|
|a (OCoLC)14586335
|
| 035 |
|
|
|9 AAA5389AM
|
| 040 |
|
|
|a DLC
|c DLC
|d m/c
|d TXA
|d UtOrBLW
|
| 043 |
|
|
|a e-gx---
|
| 049 |
|
|
|a TXAM
|c [A10893193]
|
| 050 |
0 |
0 |
|a NA1088.W28
|b A4 1985
|
| 245 |
0 |
0 |
|a Martin Wagner, 1885-1957 :
|b Wohnungsbau und Weltstadtplanung : die Rationalisierung des Glücks : Ausstellung der Akademie der Künste 10. November 1985 bis 5. Januar 1986 /
|c [Ausstellung der Abteilung Baukunst, Achim Wendschuh ; Mitarbeiterin, Ursula Reich ; Konzeption und inhaltliche Erarbeitung der Ausstellung und des Katalogs, Klaus Homann, Martin Kieren, Ludovica Scarpa].
|
| 264 |
|
1 |
|a Berlin :
|b Akademie der Künste,
|c [1985]
|
| 300 |
|
|
|a 198 pages :
|b illustrations ;
|c 22 x 23 cm.
|
| 336 |
|
|
|a text
|b txt
|2 rdacontent
|
| 337 |
|
|
|a unmediated
|b n
|2 rdamedia
|
| 338 |
|
|
|a volume
|b nc
|2 rdacarrier
|
| 490 |
1 |
|
|a Akademie-Katalog ;
|v 146
|
| 504 |
|
|
|a Bibliography: pages 179-187.
|
| 600 |
1 |
0 |
|a Wagner, Martin,
|d 1885-1957
|v Exhibitions.
|
| 650 |
|
0 |
|a Architecture
|z Germany
|x History
|y 20th century
|v Exhibitions.
|
| 650 |
|
0 |
|a City planning
|z Germany
|x History
|y 20th century
|v Exhibitions.
|
| 700 |
1 |
|
|a Wagner, Martin,
|d 1885-1957.
|
| 700 |
1 |
|
|a Homann, Klaus.
|
| 700 |
1 |
|
|a Kieren, Martin.
|
| 700 |
1 |
|
|a Scarpa, Ludovica,
|d 1955-
|
| 710 |
2 |
|
|a Akademie der Künste (Berlin, Germany)
|
| 740 |
0 |
|
|a Wohnungsbau und Weltstadtplanung.
|
| 830 |
|
0 |
|a Akademie-Katalog ;
|v 146.
|
| 999 |
|
|
|a MARS
|
| 999 |
f |
f |
|s a14788cc-c87b-310c-9263-0662d0006b92
|i 9509ffe5-2f5a-36b5-9feb-b93e16f26585
|t 0
|
| 952 |
f |
f |
|p normal
|a Texas A&M University
|b College Station
|c Sterling C. Evans Library
|d Evans: Library Stacks
|t 0
|e NA1088.W28 A4 1985
|h Library of Congress classification
|i unmediated -- volume
|m A14810893193
|
| 998 |
f |
f |
|a NA1088.W28 A4 1985
|t 0
|l Evans: Library Stacks
|